| 000 | 00622nam a2200241 a 4500 | ||
|---|---|---|---|
| 999 |
_c5727 _d5727 |
||
| 001 | 5727 | ||
| 003 | BD-JhCC | ||
| 005 | 20171220164152.0 | ||
| 008 | 171220s1966 e |||| || | 000 0 eng d | ||
| 035 | _a(BD-JhCC)5727 | ||
| 040 |
_aBD-JhCC _dBD-JhCC |
||
| 041 | _aeng | ||
| 082 |
_a420 _bCAI 1966 |
||
| 100 | _aCairns, John | ||
| 245 |
_aObjective Questions in English Language / _cJohn Cairns, |
||
| 260 |
_aOxon : _bAfrican Universites Press, _c1966. |
||
| 300 |
_a127 p. : _c25 cm. |
||
| 650 | _aEnglish Language | ||
| 700 | _aPeterside, Philip D. | ||
| 700 | _aScott, Ann | ||
| 942 |
_2ddc _cBK |
||